| 000 | 01099nam a22003377a 4500 | ||
|---|---|---|---|
| 003 | CHAP | ||
| 005 | 20220329143715.0 | ||
| 008 | 110316s1976 enka r 00010 eng d | ||
| 010 | _a100660 | ||
| 011 | _a101632 | ||
| 020 | _a0471187674 | ||
| 035 | _a112320 | ||
| 040 | _cCHAP | ||
| 082 | 0 | 4 |
_a547 _bC86 |
| 100 | 1 |
_aCriddle, W. J. _928932 |
|
| 245 | 1 | 0 |
_aSpectral and chemical characterization of organic compounds : _ba laboratory handbook _c/por W. J. Criddle y G. P. Ellis |
| 260 |
_aLondres : _bJohn Wiley & Sons, _cc1976 |
||
| 300 |
_a103 p. : _bilus., tablas |
||
| 590 |
_aBATCH-UPD _b10 _c20130110 _lUCH01 _h1320 |
||
| 590 |
_aBATCH-UPD _b10 _c20130410 _lUCH01 _h0830 |
||
| 590 |
_aBATCH-UPD _b10 _c20130914 _lUCH01 _h1103 |
||
| 590 |
_aCONVERSION _b10 _c20130109 _lUCH01 _h1355 |
||
| 650 | 1 | 4 |
_aEspectroquímica. _937800 |
| 650 | 1 | 4 |
_aEspectroscopía. _937802 |
| 650 | 1 | 4 |
_aQuímica analítica. _993582 |
| 650 | 1 | 4 |
_aQuímica orgánica. _993598 |
| 700 | 1 |
_aEllis, G. P. _936386 |
|
| 901 | _aBK | ||
| 942 | _cLIBRO | ||
| 949 |
_a547 C86 _bBC _cLIBRO _d33724002237355 _eLIBRO _h114421 _i112320 _sb |
||
| 999 |
_c100660 _d100660 |
||